000 00834nam a22002657a 4500
001 BR7601805
003 BR-BrBNA
005 20230928084935.0
007 ta
008 230509b bl.||||| |||| 00| 0 por d
040 _aBR-BrBNA
_bpor
_cBiblioteca Nacional de Agricultura
041 _a(Por)
072 _aA50
_b0230
090 _ 0230 BR7601805
100 1 _aCarvalho, L.C.C.
110 1 _aPrograma Nacional de Melhoramento da Cana-de-Acucar, Piracicaba, SP (Brasil). Coordenadoria Geral
_98029
245 1 _aProblemas principais que devem ser abordados nas pesquisas com a cana-de-acucar [Saccharum spp]
260 3 _aPiracicaba, SP (Brasil):
_c[nd].
300 _a14 p.
500 _aPublished 1976?
650 _aPESQUISA AGRICOLA
650 _aCANA DE ACUCAR
909 _a202309
_bLucia
_c55
_dLucia Elande
942 _cBK
999 _c21999
_d21999